| 000 -LEADER |
| fixed length control field |
01071nam a2200217Ia 4500 |
| 001 - CONTROL NUMBER |
| control field |
8475 |
| 003 - CONTROL NUMBER IDENTIFIER |
| control field |
GE_BSU |
| 008 - FIXED-LENGTH DATA ELEMENTS--GENERAL INFORMATION |
| fixed length control field |
181216s||||||||xx |||||||||||||| ||und|| |
| 040 ## - CATALOGING SOURCE |
| Transcribing agency |
GE_BSU |
| 080 ## - UNIVERSAL DECIMAL CLASSIFICATION NUMBER |
| Universal Decimal Classification number |
821.222.1–32+821.353.1–31 |
| 245 ## - TITLE STATEMENT |
| Title |
ვისრამიანი |
| 245 ## - TITLE STATEMENT |
| Statement of responsibility, etc. |
ტექსტი გამოსაც. მოამზადეს, გამოკვლევა და ლექსიკონი დაურთეს ალექსანდრე გვახარიამ და მაგალი თოდუამ; რედ.: გ. წერეთელი |
| 250 ## - EDITION STATEMENT |
| Edition statement |
საქ. სსრ მეცნ. აკად. აღმოსავლეთმცოდნ. ინ–ტი. |
| 260 ## - PUBLICATION, DISTRIBUTION, ETC. |
| Place of publication, distribution, etc. |
თბილისი. |
| 260 ## - PUBLICATION, DISTRIBUTION, ETC. |
| Name of publisher, distributor, etc. |
საქ. სსრ მეცნ. აკად. გამ–ბა და სტ. |
| 260 ## - PUBLICATION, DISTRIBUTION, ETC. |
| Date of publication, distribution, etc. |
1962 |
| 300 ## - PHYSICAL DESCRIPTION |
| Extent |
763 გვ; 22 სმ. |
| 300 ## - PHYSICAL DESCRIPTION |
| Other physical details |
დამატ. თავფურც. რუს. და ინგლ. ენ. |
| 653 ## - INDEX TERM--UNCONTROLLED |
| Uncontrolled term |
ვისრამიანი |
| 942 ## - ADDED ENTRY ELEMENTS (KOHA) |
| Koha item type |
წიგნი |